[Event "10.Sombor open"]
[Site "?"]
[Date "2015.03.16"]
[Round "1"]
[White "Gajcin, Marina"]
[Black "Knezevic, Janko"]
[Result "1-0"]
[WhiteElo "2148"]
[BlackElo "1890"]
[PlyCount "63"]
[SourceDate "2015.03.17"]

1. e4 c5 2. Nf3 Nc6 3. Bb5 d6 4. Bxc6+ bxc6 5. O-O e5 6. c3 Ba6 7. d3 Nf6 8.
Re1 Be7 9. d4 cxd4 10. cxd4 Nd7 11. dxe5 dxe5 12. Qc2 Qc7 13. Nc3 O-O 14. Nd5
Qd6 15. Nxe7+ Qxe7 16. Qxc6 Nb6 17. Qc3 f6 18. b3 Rac8 19. Qa5 Qb7 20. Ba3 Rfd8
21. Rac1 Bd3 22. Rxc8 Rxc8 23. Qb4 h6 24. h3 Rc2 25. Nh4 Rxa2 26. Qf8+ Kh7 27.
Nf5 Nc8 28. Re3 Bxe4 29. Rxe4 Rxa3 30. Rg4 g5 31. Qxh6+ Kg8 32. Qxf6 1-0

[Event "10.Sombor open"]
[Site "?"]
[Date "2015.03.16"]
[Round "1"]
[White "Mojzes, Aleksandar"]
[Black "Sumper, Miroslav"]
[Result "1-0"]
[WhiteElo "1895"]
[BlackElo "2165"]
[PlyCount "69"]
[SourceDate "2015.03.20"]

1. e4 c5 2. Nf3 d6 3. Bb5+ Nc6 4. c3 Qb6 5. Ba4 Bg4 6. Na3 Nf6 7. d3 e6 8. Nc4
Qc7 9. Bf4 e5 10. Bg5 Be7 11. Bxf6 Bxf6 12. Ne3 Bd7 13. Nd5 Qd8 14. Nd2 O-O 15.
Nc4 Be7 16. Nce3 g6 17. Nxe7+ Nxe7 18. Bxd7 Qxd7 19. Ng4 f5 20. exf5 Nxf5 21.
Qb3+ Kg7 22. h4 h5 23. Ne3 Nxe3 24. fxe3 Qc6 25. O-O-O b5 26. g4 hxg4 27. h5 d5
28. Rdg1 d4 29. exd4 cxd4 30. hxg6 Rf6 31. Rh7+ Kxg6 32. Rh4 Rf4 33. Rgh1 Qe8
34. Rh6+ Kg5 35. Qg8+ 1-0

[Event "10.Sombor open"]
[Site "?"]
[Date "2015.03.16"]
[Round "1"]
[White "Cubrilo, Dojcilo"]
[Black "Milivojevic, Milica"]
[Result "0-1"]
[WhiteElo "1957"]
[BlackElo "1742"]
[PlyCount "110"]
[SourceDate "2015.03.22"]

1. e4 e5 2. Nf3 Nc6 3. Bb5 a6 4. Ba4 Nf6 5. O-O Be7 6. c3 d6 7. h3 O-O 8. Bc2
b5 9. d4 Bb7 10. d5 Nb8 11. b3 Nbd7 12. Be3 Rc8 13. Nbd2 c6 14. c4 Re8 15. Nh2
Bf8 16. g4 h6 17. Qf3 cxd5 18. exd5 Nxd5 19. Be4 Nxe3 20. fxe3 Bxe4 21. Qxf7+
Kh8 22. Nxe4 Be7 23. cxb5 axb5 24. Nf3 Rf8 25. Qg6 d5 26. Nd6 Bxd6 27. Qxd6 e4
28. Nd4 Rxf1+ 29. Rxf1 Qg5 30. Qxd7 Qxe3+ 31. Kg2 Ra8 32. Nc2 Qd3 33. Rf2 e3
34. Nxe3 Qxe3 35. Qxd5 Rb8 36. Qf3 Qa7 37. Qd5 b4 38. g5 Qa6 39. Qe5 Qc6+ 40.
Kg3 Rb5 41. Qf4 Rxg5+ 42. Kh2 Qc5 43. Qf8+ Kh7 44. Qxc5 Rxc5 45. Kg3 Kg6 46. h4
Kh5 47. Rh2 g5 48. hxg5+ Kxg5 49. Kf3 h5 50. Rg2+ Kf5 51. Kg3 Ke4 52. Rh2 Kd3
53. Kf4 Rc2 54. Rxh5 Rxa2 55. Ke5 Ra5+ 0-1

[Event "10. Sombor open"]
[Site "?"]
[Date "2015.03.16"]
[Round "1"]
[White "Kurcubic, Drago"]
[Black "Bakula, Milan"]
[Result "1-0"]
[WhiteElo "2086"]
[BlackElo "1844"]
[PlyCount "75"]

1. e4 c5 2. Nf3 Nc6 3. d4 cxd4 4. Nxd4 Nxd4 5. Qxd4 d6 6. Nc3 e5 7. Bb5+ Bd7 8.
Qa4 Nf6 9. Bg5 Be7 10. O-O-O a6 11. Bxd7+ Qxd7 12. Bxf6 b5 13. Nxb5 Qxb5 14.
Qxb5+ axb5 15. Bxe7 Kxe7 16. a3 Rhc8 17. c3 g6 18. Kc2 f5 19. Rhe1 Ra4 20. exf5
gxf5 21. Rd5 b4 22. Kb3 Ke6 23. Rb5 Ra6 24. axb4 d5 25. Rb7 e4 26. Rxh7 Ke5 27.
Rd1 Rd8 28. g3 Rdd6 29. h4 Rf6 30. Rd7 Rad6 31. Rxd6 Kxd6 32. c4 f4 33. Rxd5+
Ke6 34. gxf4 Rxf4 35. Rd2 Rxh4 36. b5 Ke5 37. b6 Rh7 38. c5 1-0

[Event "10. Sombor open"]
[Site "?"]
[Date "2015.03.16"]
[Round "1"]
[White "Pezelj, Sinisa"]
[Black "Vlaisavljevic, Ilija"]
[Result "1-0"]
[WhiteElo "2191"]
[BlackElo "1915"]
[PlyCount "72"]
[SourceDate "2015.04.19"]

1. Nf3 d5 2. g3 g6 3. Bg2 Bg7 4. O-O Nf6 5. c4 O-O 6. cxd5 Nxd5 7. e4 Nb4 8. d4
N4c6 9. d5 Ne5 10. Nxe5 Bxe5 11. Qb3 c5 12. Be3 Na6 13. f4 Bg7 14. e5 Qb6 15.
Nc3 Qb4 16. Ne4 c4 17. Qxb4 Nxb4 18. Rad1 Bg4 19. Rd2 Nd3 20. h3 Bf5 21. g4
Bxe4 22. Bxe4 Rad8 23. Bxd3 cxd3 24. Rxd3 g5 25. Bxa7 gxf4 26. Re1 Rd7 27. Bb6
Ra8 28. a3 Ra6 29. Bc5 Rg6 30. d6 exd6 31. Rxd6 Rgxd6 32. exd6 Bxb2 33. Re7 Rd8
34. Rxb7 Be5 35. d7 Bf6 36. Kg2 Bg5 1-0

[Event "10. Sombor open"]
[Site "?"]
[Date "2015.03.16"]
[Round "1"]
[White "Milivojevic, Jasmina"]
[Black "Cetkovic, Andrija"]
[Result "1-0"]
[WhiteElo "1927"]
[BlackElo "1707"]
[PlyCount "133"]
[EventDate "2015.??.??"]

1. d4 Nf6 2. c4 e6 3. Nf3 b6 4. e3 Bb7 5. Be2 Be7 6. O-O d5 7. b3 O-O 8. Bb2 c5
9. Nbd2 Nbd7 10. Rc1 Rc8 11. Ne5 cxd4 12. Bxd4 Bb4 13. Ndf3 Ne8 14. Bb2 f6 15.
Nxd7 Qxd7 16. Nd4 Nc7 17. Bd3 Qf7 18. Bb1 dxc4 19. Qc2 Qg6 20. Qxg6 hxg6 21.
Rxc4 Bc5 22. b4 Ba6 23. b5 Bxd4 24. Rxd4 Bxb5 25. Rfd1 Be8 26. Rd6 Kf7 27. Rc1
Bb5 28. Rd4 Nd5 29. Rcd1 Rc4 30. Rxc4 Bxc4 31. e4 Ne7 32. Rd7 a5 33. a4 b5 34.
axb5 Bxb5 35. Ra7 a4 36. Bc2 Rc8 37. Bxa4 Bxa4 38. Ba3 Rc3 39. Rxa4 Nc6 40. Ra8
g5 41. f3 Rb3 42. Kf2 Rb8 43. Ra6 Rc8 44. Rb6 Nd4 45. Rb7+ Kg6 46. Rb2 Rc2+ 47.
Rxc2 Nxc2 48. Bc5 Na1 49. Ke3 Nb3 50. Bb6 e5 51. Kd3 Kf7 52. Kc2 Nd4+ 53. Bxd4
exd4 54. Kd3 Ke6 55. Kxd4 Kd6 56. g3 Ke6 57. h4 gxh4 58. gxh4 g6 59. f4 Ke7 60.
Kd5 Kd7 61. e5 Ke7 62. e6 Ke8 63. Kd6 Kd8 64. e7+ Ke8 65. Ke6 f5 66. Kf6 g5 67.
hxg5 1-0

[Event "10. Sombor open"]
[Site "?"]
[Date "2015.03.16"]
[Round "1"]
[White "Gajcin, Sinisa"]
[Black "Lalic, Miroslav"]
[Result "0-1"]
[WhiteElo "1800"]
[BlackElo "1976"]
[PlyCount "82"]

1. e4 e5 2. Nf3 Nc6 3. Bc4 Bc5 4. c3 d6 5. b4 Bb6 6. a4 a6 7. O-O h6 8. a5 Ba7
9. h3 Nf6 10. d3 O-O 11. Qb3 Qe7 12. Be3 Nd8 13. Bxa7 Rxa7 14. Re1 Be6 15. Nbd2
c6 16. d4 d5 17. exd5 cxd5 18. dxe5 dxc4 19. exf6 Qxf6 20. Qb2 Nc6 21. Ne4 Qf4
22. Qe2 Rd8 23. Qe3 Qxe3 24. Rxe3 Bf5 25. Nc5 Kf8 26. Rae1 g5 27. g4 Bc2 28.
Ne5 Bd3 29. Rf3 Nxe5 30. Rxe5 Rd6 31. Rfe3 b6 32. axb6 Rxb6 33. Rd5 Rb5 34.
Rd8+ Kg7 35. Ree8 a5 36. Nd7 Bh7 37. Ne5 axb4 38. cxb4 c3 39. Rc8 c2 40. Kh2
Ra1 41. Rc7 Rxe5 0-1

[Event "10. Sombor open"]
[Site "?"]
[Date "2015.03.16"]
[Round "1"]
[White "Matkovic, Simana"]
[Black "Sljukic, Miodrag"]
[Result "0-1"]
[WhiteElo "1887"]
[BlackElo "2114"]
[PlyCount "68"]

1. d4 Nf6 2. Nf3 e6 3. Bf4 b6 4. Nbd2 Bb7 5. e3 Be7 6. h3 O-O 7. Bd3 c5 8. O-O
Nc6 9. c3 cxd4 10. exd4 d6 11. Qe2 Re8 12. Rfe1 Nd5 13. Bg3 Bf8 14. Ne4 h6 15.
Rad1 f5 16. Ned2 Qf6 17. Bc4 a6 18. Bxd5 exd5 19. Qxe8 Rxe8 20. Rxe8 f4 21. Bh2
Kf7 22. Rde1 Be7 23. R8xe7+ Nxe7 24. g3 g5 25. Kg2 Bc8 26. Ng1 Qf5 27. Re2 Ng6
28. g4 Nh4+ 29. Kf1 Qd3 30. f3 a5 31. Kf2 Ba6 32. a3 Qc2 33. Ne4 Bxe2 34. Nxd6+
Ke6 0-1

[Event "10. Sombor open"]
[Site "?"]
[Date "2015.03.16"]
[Round "1"]
[White "Djurosev, Djordje"]
[Black "Glamuzina, Jurica"]
[Result "0-1"]
[WhiteElo "1688"]
[BlackElo "1917"]
[PlyCount "114"]

1. e4 d6 2. d4 Nf6 3. Nc3 g6 4. Nf3 Bg7 5. h3 O-O 6. Be3 c6 7. Qd2 b5 8. a3 Bb7
9. Bd3 a6 10. Bh6 c5 11. Bxg7 Kxg7 12. d5 c4 13. Be2 Nbd7 14. Nd4 Nc5 15. Bf3
Qd7 16. Qg5 e6 17. Bg4 Nfxe4 18. Nxe4 Nxe4 19. dxe6 Nxg5 20. exd7 h5 21. Bf3
Nxf3+ 22. Nxf3 Rfd8 23. O-O-O Rxd7 24. Rhe1 Bxf3 25. gxf3 Kf8 26. Re4 Re8 27.
Red4 Re6 28. f4 f5 29. a4 Ke7 30. axb5 axb5 31. Rd5 Rb7 32. c3 Rb6 33. R1d2
Re1+ 34. Rd1 Re6 35. Kc2 Kd7 36. Re5 Ke7 37. Red5 Re2+ 38. R1d2 Rxd2+ 39. Kxd2
Ke6 40. Rd4 Ra6 41. Kc2 Ra1 42. Rd1 Rxd1 43. Kxd1 Kd5 44. f3 Kc5 45. Kc2 b4 46.
Kd2 d5 47. Kc2 h4 48. Kd2 d4 49. Kc2 dxc3 50. bxc3 b3+ 51. Kb2 Kd6 52. Kc1 Ke6
53. Kd2 Kf6 54. Kc1 g5 55. Kb2 g4 56. fxg4 fxg4 57. hxg4 h3 0-1

[Event "10. Sombor open"]
[Site "?"]
[Date "2015.03.18"]
[Round "2"]
[White "Glamuzina, Jurica"]
[Black "Gajcin, Marina"]
[Result "1/2-1/2"]
[WhiteElo "1917"]
[BlackElo "2148"]
[PlyCount "77"]
[EventDate "2015.03.23"]
[SourceDate "2015.03.23"]

1. e4 c5 2. Nf3 g6 3. c3 d5 4. exd5 Qxd5 5. d4 Bg7 6. Be2 cxd4 7. cxd4 Nh6 8.
Nc3 Qa5 9. O-O O-O 10. Qb3 Nf5 11. Be3 Nc6 12. d5 Ncd4 13. Nxd4 Nxd4 14. Bxd4
Bxd4 15. Nb5 Be5 16. f4 Bf6 17. Kh1 a6 18. Nc3 Bf5 19. g4 Bd7 20. f5 b5 21. Ne4
Be5 22. Qh3 Kg7 23. Rf3 Qb4 24. Bd3 f6 25. g5 Bxf5 26. Rxf5 gxf5 27. gxf6+ Bxf6
28. Nxf6 Rxf6 29. Bxf5 Rxf5 30. Qxf5 Qxb2 31. Rg1+ Kh8 32. Qe4 Rg8 33. Rxg8+
Kxg8 34. Qe6+ Kf8 35. Qc8+ Kg7 36. Qg4+ Kh6 37. Qh4+ Kg6 38. Qg4+ Kf7 39. Qe6+
1/2-1/2

[Event "10. Sombor open"]
[Site "?"]
[Date "2015.03.18"]
[Round "2"]
[White "Sumper, Miroslav"]
[Black "Gajcin, Sinisa"]
[Result "0-1"]
[WhiteElo "2165"]
[BlackElo "1800"]
[PlyCount "70"]
[EventDate "2015.03.23"]
[SourceDate "2015.03.23"]

1. d4 Nf6 2. c4 g6 3. Nc3 d5 4. Nf3 Bg7 5. Qb3 dxc4 6. Qxc4 O-O 7. e4 c6 8. Be2
b5 9. Qd3 Bb7 10. O-O Nbd7 11. e5 Ne8 12. e6 fxe6 13. Qe4 Nc7 14. Nxb5 Nf6 15.
Qe5 cxb5 16. Qg5 Qd5 17. Qg3 Rac8 18. Be3 Nh5 19. Qh4 Bf6 20. Qh3 Qf5 21. g4
Nf4 22. gxf5 Nxh3+ 23. Kg2 Ng5 24. Bxg5 Bxg5 25. fxg6 h6 26. Kg3 Bf4+ 27. Kg4
Nd5 28. Ne5 Bxe5 29. dxe5 Nf4 30. Bxb5 Nxg6 31. f4 Rc2 32. Rg1 Rxf4+ 33. Kh5
Be4 34. Be8 Kh7 35. Raf1 Bf5 0-1

[Event "10. Sombor open"]
[Site "?"]
[Date "2015.03.18"]
[Round "2"]
[White "Milivojevic, Milica"]
[Black "Kurcubic, Drago"]
[Result "0-1"]
[WhiteElo "1742"]
[BlackElo "2086"]
[PlyCount "68"]
[EventDate "2015.03.23"]
[SourceDate "2015.03.25"]

1. e4 c6 2. d4 d5 3. e5 Bf5 4. Nf3 e6 5. Be2 Nd7 6. O-O Bg6 7. Nbd2 Ne7 8. Nb3
Nf5 9. Bd2 Be7 10. Rc1 O-O 11. Ba5 b6 12. Bd2 c5 13. dxc5 bxc5 14. Bf4 Rb8 15.
c4 d4 16. Qd2 Qb6 17. Bd3 Qa6 18. Ra1 Nh4 19. Nxh4 Bxd3 20. Qxd3 Bxh4 21. Rfe1
Rb4 22. Qh3 Be7 23. Qg3 Rfb8 24. Bh6 Bf8 25. Bd2 Rxc4 26. Qd3 Ra4 27. Qc2 Rxa2
28. Na5 Rxa1 29. Rxa1 Nxe5 30. b3 Qe2 31. Re1 Qd3 32. Qc1 Qf5 33. Bf4 Nd3 34.
Qd2 Nxe1 0-1

[Event "10. Sombor open"]
[Site "?"]
[Date "2015.03.18"]
[Round "2"]
[White "Cetkovic, Andrija"]
[Black "Matkovic, Simana"]
[Result "0-1"]
[WhiteElo "1717"]
[BlackElo "1887"]
[PlyCount "52"]
[EventDate "2015.03.23"]
[SourceDate "2015.03.25"]

1. d4 d5 2. c4 e6 3. Nf3 Nf6 4. Nc3 Be7 5. Bg5 h6 6. Bf4 c6 7. cxd5 exd5 8. Nd2
Bf5 9. f3 Bg6 10. a3 O-O 11. g4 Re8 12. Qb3 Bd6 13. Bxd6 Qxd6 14. Qxb7 Nbd7 15.
Qa6 Reb8 16. b4 Qf4 17. e4 Qe3+ 18. Ne2 dxe4 19. Qxc6 Rc8 20. Qa4 exf3 21. Nxf3
Qxf3 22. Rg1 Bc2 23. Qb5 Ne4 24. Rg2 Qe3 25. Rd1 Bxd1 26. Kxd1 Qd2# 0-1

[Event "10. Sombor open"]
[Site "?"]
[Date "2015.03.18"]
[Round "2"]
[White "Knezevic, Janko"]
[Black "Kelic, Dusan"]
[Result "1-0"]
[WhiteElo "1890"]
[BlackElo "1738"]
[PlyCount "43"]
[EventDate "2015.03.23"]
[SourceDate "2015.03.25"]

1. e4 e5 2. Nf3 Nc6 3. Bb5 a6 4. Ba4 b5 5. Bb3 Na5 6. Bxf7+ Kxf7 7. Nxe5+ Ke6
8. d4 Nf6 9. O-O d6 10. Nf3 h6 11. Re1 Bb7 12. e5 Ne4 13. d5+ Bxd5 14. Nd4+ Kf7
15. e6+ Kg8 16. f3 Nf6 17. Nf5 g6 18. e7 Qd7 19. exf8=Q+ Rxf8 20. Ne7+ Kg7 21.
Nxd5 Qf5 22. Nxf6 1-0

[Event "10. Sombor open"]
[Site "?"]
[Date "2015.03.18"]
[Round "2"]
[White "Vlaisavljevic, Ilija"]
[Black "Mojzes, Aleksandar"]
[Result "0-1"]
[WhiteElo "1915"]
[BlackElo "1895"]
[PlyCount "86"]
[EventDate "2015.03.23"]
[SourceDate "2015.03.25"]

1. d4 d5 2. c4 e6 3. Nc3 Nf6 4. Nf3 Be7 5. g3 O-O 6. Bg2 Nbd7 7. cxd5 exd5 8.
O-O c6 9. a4 Bd6 10. Bd2 Re8 11. Re1 Nb8 12. Qc1 Na6 13. Na2 Qb6 14. Nh4 Ne4
15. Bc3 Nxc3 16. bxc3 Qd8 17. Rb1 Be7 18. Nf3 c5 19. Ne5 Bd6 20. Nd3 cxd4 21.
cxd4 Qa5 22. Qd1 Bd7 23. Rxb7 Bxa4 24. Qb1 Rab8 25. Kf1 Rbc8 26. Rxa7 Bb8 27.
Rb7 Bc2 28. Qa1 Bxd3 29. exd3 Rxe1+ 30. Qxe1 Qxa2 31. Bh3 Rf8 32. Be6 fxe6 33.
Qxe6+ Kh8 34. Rf7 Rg8 35. Qb6 Bc7 36. Qe6 Qb1+ 37. Ke2 Qc2+ 38. Ke3 Qa4 39. Rd7
Bb6 40. Qxd5 Re8+ 41. Kf3 Qd1+ 42. Kg2 Qxd3 43. Rf7 h6 0-1

[Event "10. Sombor open"]
[Site "?"]
[Date "2015.03.18"]
[Round "2"]
[White "Sljukic, Miodrag"]
[Black "Milivojevic, Jasmina"]
[Result "1-0"]
[WhiteElo "2114"]
[BlackElo "1927"]
[PlyCount "75"]
[EventDate "2015.03.23"]
[SourceDate "2015.03.27"]

1. d4 d5 2. Nf3 Nf6 3. Bf4 e6 4. e3 Bd6 5. Bg3 O-O 6. Nbd2 c5 7. c3 Nc6 8. Bd3
b6 9. Ne5 Bb7 10. f4 Ne7 11. Qf3 c4 12. Bc2 b5 13. Bh4 Ng6 14. Nxg6 hxg6 15.
Bxf6 Qxf6 16. h4 Qe7 17. g4 f5 18. Qh3 b4 19. Nf3 bxc3 20. bxc3 Rfb8 21. Ng5
Kf8 22. h5 Ke8 23. hxg6 fxg4 24. Ba4+ Kd8 25. Qxg4 Bc8 26. Bc6 e5 27. Rh8+ Kc7
28. Rxc8+ Rxc8 29. Bxa8 Rxa8 30. Ne6+ Kc6 31. dxe5 Bc5 32. Nxc5 Kxc5 33. Rd1
Rh8 34. Qg2 Qe6 35. e4 dxe4 36. Qxe4 Kb5 37. Rd6 Qh3 38. Qc6+ 1-0

[Event "10. Sombor open"]
[Site "?"]
[Date "2015.03.18"]
[Round "2"]
[White "Bakula, Milan"]
[Black "Cubrilo, Dojcilo"]
[Result "0-1"]
[WhiteElo "1844"]
[BlackElo "1957"]
[PlyCount "40"]
[EventDate "2015.03.23"]
[SourceDate "2015.03.27"]

1. d4 Nf6 2. c4 e6 3. Nc3 d5 4. c5 Be7 5. b4 c6 6. a4 Nbd7 7. e3 e5 8. Nf3 e4
9. Nd2 Nf8 10. Be2 Be6 11. O-O Qc7 12. f3 exf3 13. Nxf3 Ng6 14. a5 O-O 15. Bd3
Bd8 16. Bxg6 fxg6 17. Ne5 Qc8 18. Qe2 Bc7 19. b5 Bxe5 20. dxe5 Nd7 0-1

[Event "10. Sombor open"]
[Site "?"]
[Date "2015.03.20"]
[Round "3"]
[White "Gajcin, Marina"]
[Black "Sadovski, Nemanja"]
[Result "1-0"]
[WhiteElo "2148"]
[BlackElo "1928"]
[PlyCount "87"]
[EventDate "2015.??.??"]

1. e4 e5 2. Nf3 d6 3. d4 exd4 4. Nxd4 Nf6 5. Nc3 g6 6. Be2 Bg7 7. O-O Nc6 8.
Nxc6 bxc6 9. Bg5 O-O 10. f4 Qe8 11. Bf3 Ba6 12. Re1 Qb8 13. Rb1 Qb6+ 14. Kh1
Nd7 15. e5 d5 16. Bxd5 Nxe5 17. fxe5 cxd5 18. Nxd5 Qb7 19. Nf6+ Bxf6 20. Bxf6
Qb4 21. a3 Qf4 22. Qd7 Bc8 23. Qxc7 Be6 24. Qd6 Rac8 25. Rf1 Qe4 26. c3 Bd5 27.
Rg1 Rc6 28. Qd7 h5 29. Rbd1 Be6 30. Qxa7 Qe2 31. Qe7 Rcc8 32. Qb4 Rfe8 33. Qf4
Kh7 34. Rd2 Qb5 35. Qb4 Qa6 36. Rd6 Qe2 37. Qb7 Qc4 38. Qa6 Qb3 39. Rb6 Qd5 40.
a4 Ra8 41. Qb5 Qe4 42. a5 Bc4 43. Qd7 Be6 44. Rxe6 1-0

[Event "10. Sombor open"]
[Site "?"]
[Date "2015.03.20"]
[Round "3"]
[White "Mojzes, Aleksandar"]
[Black "Sljukic, Miodrag"]
[Result "0-1"]
[WhiteElo "1895"]
[BlackElo "2114"]
[PlyCount "90"]

1. e4 c6 2. d4 d5 3. e5 Bf5 4. Nf3 e6 5. Be2 Ne7 6. O-O c5 7. Bb5+ Nec6 8. Be3
Qa5 9. c4 Bxb1 10. Rxb1 dxc4 11. Bxc4 cxd4 12. Bxd4 Nxd4 13. Nxd4 Nc6 14. Nxc6
bxc6 15. Qb3 Qb6 16. Rbd1 Qxb3 17. Bxb3 Bc5 18. Ba4 Rc8 19. Rd3 Ke7 20. Rc1 Bb6
21. Bxc6 Rhd8 22. Rdc3 Rd2 23. R3c2 Rcd8 24. Kf1 Bxf2 25. Rxd2 Rxd2 26. Ba4 Bb6
27. Rc8 f6 28. exf6+ Kxf6 29. Rc6 Rf2+ 30. Ke1 Rxg2 31. Bb3 Rxh2 32. Rxe6+ Kf5
33. Re2 Rh1+ 34. Kd2 g5 35. Be6+ Kf4 36. b4 g4 37. a4 a5 38. b5 Ra1 39. Bg8
Rxa4 40. Bxh7 Ra2+ 41. Bc2 Rb2 42. Re4+ Kf3 43. Re5 a4 44. Kc3 a3 45. Bd1+ Kf4
0-1

[Event "10. Sombor open"]
[Site "?"]
[Date "2015.03.20"]
[Round "3"]
[White "Cubrilo, Dojcilo"]
[Black "Gajcin, Sinisa"]
[Result "0-1"]
[WhiteElo "1954"]
[BlackElo "1800"]
[PlyCount "48"]

1. e4 c5 2. Nf3 Nc6 3. d4 cxd4 4. Nxd4 Nf6 5. Nxc6 bxc6 6. Nc3 g6 7. Bc4 Qa5 8.
O-O Bg7 9. Qe2 O-O 10. Bd2 Qc7 11. e5 Ne8 12. Rfe1 e6 13. b3 d5 14. exd6 Nxd6
15. Bd3 Rd8 16. Na4 Nb5 17. Nc5 Nd4 18. Qe3 Rd5 19. Ne4 Rh5 20. Qg3 Be5 21. f4
Nf5 22. Qf3 Nd4 23. Qf2 Bg7 24. g4 Rd5 0-1

[Event "10. Sombor open"]
[Site "?"]
[Date "2015.03.20"]
[Round "3"]
[White "Kurcubic, Drago"]
[Black "Lalic, Miroslav"]
[Result "1-0"]
[WhiteElo "2086"]
[BlackElo "1976"]
[PlyCount "59"]
[EventDate "2015.??.??"]

1. e4 e5 2. Nf3 Nc6 3. Bc4 Bc5 4. c3 d6 5. d3 a6 6. O-O h6 7. d4 exd4 8. cxd4
Bb6 9. Nc3 Bg4 10. Be3 Nf6 11. Qd2 Ba5 12. Qc2 O-O 13. e5 Ne8 14. Qe4 Bxf3 15.
gxf3 dxe5 16. dxe5 Bxc3 17. bxc3 Qe7 18. Bd4 Nxd4 19. cxd4 c6 20. Kh1 Nc7 21.
Rg1 Ne6 22. Qe3 Kh8 23. Rg3 Rad8 24. Rag1 Ng5 25. f4 Ne6 26. f5 Ng5 27. h4 Nh7
28. f6 gxf6 29. Qxh6 Rg8 30. Rg7 1-0

[Event "10. Sombor open"]
[Site "?"]
[Date "2015.03.20"]
[Round "3"]
[White "Milivojevic, Jasmina"]
[Black "Milivojevic, Milica"]
[Result "0-1"]
[WhiteElo "1927"]
[BlackElo "1742"]
[PlyCount "64"]

1. d4 d5 2. Nf3 Nf6 3. e3 e6 4. c4 Be7 5. Bd3 dxc4 6. Bxc4 O-O 7. O-O Nbd7 8.
Nc3 c5 9. b3 a6 10. a4 Nb6 11. Be2 Nbd5 12. Bb2 Nxc3 13. Bxc3 b6 14. Qc2 Bb7
15. Rac1 cxd4 16. Nxd4 Rc8 17. Qb2 Ne4 18. Bf3 Bd6 19. Qa1 Be5 20. Rfd1 Qh4 21.
g3 Qf6 22. Bxe4 Bxe4 23. f4 Bxd4 24. Bxd4 Qg6 25. Qb2 h5 26. Bxb6 Bd5 27. Qb1
Be4 28. Qb2 Qg4 29. Qf2 Rc2 30. Rxc2 Qxd1+ 31. Qf1 Qxf1+ 32. Kxf1 Bxc2 0-1

[Event "10. Sombor open"]
[Site "?"]
[Date "2015.03.20"]
[Round "3"]
[White "Pezelj, Sinisa"]
[Black "Glamuzina, Jurica"]
[Result "1-0"]
[WhiteElo "2191"]
[BlackElo "1917"]
[PlyCount "59"]
[EventDate "2015.??.??"]

1. Nf3 d5 2. c4 c6 3. b3 Nf6 4. Bb2 Bf5 5. d3 e6 6. Nbd2 Nbd7 7. Nh4 Bg6 8.
Nxg6 hxg6 9. g3 Bd6 10. Bg2 Qe7 11. a3 O-O-O 12. b4 Rh7 13. Qa4 a6 14. b5 Nb8
15. bxc6 Nxc6 16. Rc1 Bc7 17. O-O Ng4 18. cxd5 exd5 19. Qxg4+ f5 20. Qxg6 Rdh8
21. Qxf5+ Kb8 22. Qxd5 Rxh2 23. Rxc6 Rxg2+ 24. Qxg2 bxc6 25. Rb1 Kc8 26. Qxc6
Rh6 27. Qa8+ Kd7 28. Qd5+ Ke8 29. Qg8+ Kd7 30. Qxg7 1-0

[Event "10. Sombor open"]
[Site "?"]
[Date "2015.03.20"]
[Round "3"]
[White "Cetkovic, Andrija"]
[Black "Bakula, Milan"]
[Result "1-0"]
[WhiteElo "1717"]
[BlackElo "1844"]
[PlyCount "115"]

1. d4 e5 2. c4 exd4 3. Qxd4 Nc6 4. Qe4+ Qe7 5. Nc3 Nf6 6. Qxe7+ Bxe7 7. Nf3 O-O
8. Bf4 d6 9. a3 Bg4 10. O-O-O a6 11. g3 Rab8 12. Bg2 Be6 13. Nd2 Ng4 14. Rdf1
Na5 15. c5 Nb3+ 16. Nxb3 Bxb3 17. h3 Nf6 18. g4 dxc5 19. Bxc7 Rbc8 20. Bg3 b5
21. Bb7 b4 22. Bxc8 Rxc8 23. Nb1 Ne4 24. Bf4 g5 25. Be3 c4 26. axb4 Bxb4 27.
Bd2 Bd6 28. Nc3 Nxd2 29. Kxd2 a5 30. Ra1 Bb4 31. Ke3 Ra8 32. Kf3 a4 33. Rhc1
Kg7 34. e4 h6 35. Kg2 Kg6 36. f3 f6 37. Nd5 Bd2 38. Rf1 a3 39. Rxa3 Rxa3 40.
bxa3 c3 41. Nb4 Ba4 42. Rf2 Bb3 43. Rf1 Kf7 44. Rb1 Ba4 45. Kf2 Ke6 46. Ke2 Ke5
47. Nd3+ Kd6 48. Rb4 Bc2 49. a4 Bxd3+ 50. Kxd3 Ke5 51. Rc4 Kf4 52. a5 Kxf3 53.
a6 Be3 54. Rc6 Ba7 55. Rxf6+ Kg3 56. Rxh6 Kf2 57. e5 Ke1 58. Kxc3 1-0

[Event "10. Sombor open"]
[Site "?"]
[Date "2015.03.20"]
[Round "3"]
[White "Matkovic, Simana"]
[Black "Djurosev, Djordje"]
[Result "1-0"]
[WhiteElo "1887"]
[BlackElo "1688"]
[PlyCount "67"]

1. d4 d5 2. Nf3 e6 3. Bf4 Bd6 4. Bg3 c5 5. c3 Nc6 6. e3 Nf6 7. Nbd2 O-O 8. Bd3
c4 9. Bc2 b5 10. Ne5 Qc7 11. Ng4 Ne8 12. e4 f5 13. exd5 exd5 14. Ne3 Ne7 15.
Bxd6 Qxd6 16. Qf3 Nf6 17. h3 Bd7 18. O-O Ne4 19. Qd1 Qg6 20. Nf3 f4 21. Ne5 Qd6
22. Nxd5 Nxd5 23. Bxe4 Be6 24. Qf3 Rad8 25. Rfe1 Rf6 26. Re2 a5 27. a3 Rdf8 28.
Rae1 Rc8 29. Ng4 Rff8 30. Bxh7+ Kh8 31. Rxe6 Qd7 32. Bg6 b4 33. Ne5 Qxe6 34.
Qh5+ 1-0

[Event "10. Sombor open"]
[Site "?"]
[Date "2015.03.23"]
[Round "4"]
[White "Sadovski, Nemana"]
[Black "Glamuzina, Jurica"]
[Result "1/2-1/2"]
[WhiteElo "1928"]
[BlackElo "1917"]
[PlyCount "92"]

1. d4 f5 2. Qd3 e6 3. g4 d5 4. gxf5 exf5 5. Nf3 Nf6 6. Bg5 Be7 7. Nc3 c6 8. h4
Ne4 9. Bxe7 Qxe7 10. a3 Nd7 11. Bh3 Ndf6 12. Ne5 Ng4 13. Bxg4 fxg4 14. Nxe4
dxe4 15. Qxe4 g6 16. Nxg4 Bxg4 17. Qxg4 O-O 18. h5 g5 19. Rg1 h6 20. Rg2 Kh8
21. e3 Rf4 22. Qe2 Re8 23. Rg4 Rf6 24. c4 Qf7 25. Rg2 Rf8 26. Rd1 Rf3 27. Kd2
Qxh5 28. Rf1 Qf7 29. Rh2 Kg7 30. Qd3 Qf5 31. Qxf5 R8xf5 32. Ke2 g4 33. Rg1 h5
34. Rxh5 Rxf2+ 35. Ke1 Rf7 36. Rxg4+ Kf8 37. Rh8+ Ke7 38. Rf4 Rxb2 39. Rxf7+
Kxf7 40. e4 Rc2 41. c5 Rc4 42. Rh7+ Ke6 43. Rxb7 Rxd4 44. Rxa7 Rxe4+ 45. Kd2
Rc4 46. Ra6 Kd5 1/2-1/2

[Event "10. Sombor open"]
[Site "?"]
[Date "2015.03.23"]
[Round "4"]
[White "Bakula, Milan"]
[Black "Kelic, Dusan"]
[Result "1-0"]
[WhiteElo "1844"]
[BlackElo "1738"]
[PlyCount "73"]

1. e4 e5 2. c4 Nf6 3. d3 Nc6 4. Nf3 Bc5 5. Be3 Bxe3 6. fxe3 d6 7. Be2 Bg4 8.
O-O Qd7 9. Nc3 Ne7 10. b4 c6 11. a4 b6 12. a5 O-O 13. a6 h6 14. Qe1 Nh7 15. Qg3
f5 16. Rad1 f4 17. exf4 Rxf4 18. d4 exd4 19. Qxf4 Rf8 20. Qg3 Bxf3 21. Bxf3
dxc3 22. Bg4 Rxf1+ 23. Rxf1 Qd8 24. Qxc3 Nf6 25. Be6+ Kh8 26. Rxf6 gxf6 27.
Qxf6+ Kh7 28. g4 Qe8 29. h4 d5 30. exd5 cxd5 31. g5 hxg5 32. hxg5 Ng6 33. cxd5
Qf8 34. Bf5 Qe8 35. Bxg6+ Qxg6 36. Qe7+ Kh8 37. Qf8+ 1-0

[Event "10. Sombor open"]
[Site "?"]
[Date "2015.03.23"]
[Round "4"]
[White "Vlaisavljevic, Ilija"]
[Black "Cetkovic, Andrija"]
[Result "1-0"]
[WhiteElo "1915"]
[BlackElo "1717"]
[PlyCount "121"]

1. d4 Nf6 2. c4 g6 3. Nc3 Bg7 4. e4 d6 5. f3 b6 6. Bd3 Bb7 7. Be3 c5 8. d5 Na6
9. a3 Nc7 10. Nge2 e6 11. Qd2 Qe7 12. Bc2 exd5 13. Ba4+ Kf8 14. cxd5 Bc8 15.
O-O Bd7 16. Bxd7 Nxd7 17. f4 Re8 18. e5 b5 19. Ne4 Nxe5 20. fxe5 Qxe5 21. N2g3
Qxd5 22. Qf2 f5 23. Rad1 Qb3 24. Rxd6 Qxb2 25. Bxc5 Qxf2+ 26. Rxf2 Kg8 27. Nf6+
Bxf6 28. Rxf6 Re6 29. Rxe6 Nxe6 30. Bxa7 Kf7 31. Rd2 Ra8 32. Rd7+ Kg8 33. Ne2
Rd8 34. Rxd8+ Nxd8 35. Nd4 Kf7 36. Nxb5 Ke6 37. Bc5 Kd5 38. Bb4 h5 39. Nc3+ Kc6
40. Kf2 g5 41. a4 Ne6 42. Ke3 Kb6 43. Nd5+ Ka6 44. Ne7 Nc7 45. Bd6 Na8 46. Nxf5
Nb6 47. a5 Nc4+ 48. Kd4 Nxa5 49. Ng7 h4 50. Kd5 g4 51. Nf5 h3 52. g3 Nb3 53.
Bf4 Kb5 54. Nh6 Nc5 55. Nxg4 Nd3 56. Ke4 Ne1 57. Nf2 Kc6 58. Nxh3 Kd7 59. Ng5
Ke7 60. Nf3 Kf6 61. Nxe1 1-0